| 000 | 00607nam a22002177a 4500 | ||
|---|---|---|---|
| 003 | UA-OsUOA | ||
| 001 | 96000 | ||
| 007 | ta | ||
| 008 | 20130313b un ||||| |||| 00| 0 ukr d | ||
| 100 | _aКугультинов Д. | ||
| 090 |
_a821.359 _bК88 |
||
| 942 | _cBK | ||
| 040 |
_aUA-OsUOA _cUA-OsUOA _dUA-OsUOA |
||
| 245 |
_aВсадник на быке _bстихи и поэмы |
||
| 300 | _a304 с. | ||
| 955 | _a3 | ||
| 080 | _a821.359 | ||
| 260 |
_aМ. _bСоветский писатель _c1987 |
||
| 650 | 7 |
_a82 Література. Літературознавство _2UDC |
|
| 999 |
_c382246 _d382246 |
||